000 00262nam a2200121Ia 4500
008 190216s9999||||xx |||||||||||||| ||und||
100 _aVidya Krishna Ravath
245 0 _aHindi-Ayodhya
260 _bB C Books
300 _a114
650 _aHindi
942 _cBK
999 _c16354
_d16354